| 000 | 01320nam a22002537a 4500 | ||
|---|---|---|---|
| 005 | 20141112160734.0 | ||
| 010 | _aENG-111163 | ||
| 020 |
_a9789339217990 _c545.00 |
||
| 020 |
_a9339217993 _c545.00 |
||
| 035 | _aEN-94695 | ||
| 037 | _bDBAD/PUB | ||
| 082 | _a302 | ||
| 100 | _aStoker, John R. | ||
| 245 |
_aOvercoming fake talk : _cby John R. Stoker _bhow to hold real conversations that create respect,build relationships and get reults / |
||
| 260 |
_aNew Delhi _bMcGraw Hill Education _c2014 |
||
| 270 |
_aP-24, Green Park Extension _bNew Delhi _e110016 |
||
| 300 |
_axx, 276p. : _c23cm(pbk) _bill. |
||
| 500 | _a Includes bibliographical references (pages 263-265) and index. | ||
| 505 | _aIntroduction: how do you begin? -- What keeps you up at night? -- Why can’t you see what’s happening? -- What are real conversations? -- Do you ruin everything by being you? -- How do you get out of your stinking thinking? -- How do you talk about what really matters? -- How do you open your mouth and remove all doubt? -- How is the answer in the question? -- Why ego off? -- Progression: how do you move forward? -- Endnotes. | ||
| 650 | _a Interpersonal communication. | ||
| 650 | _aConversation analysis. | ||
| 650 |
_a Communication _xPsychological aspects. |
||
| 942 |
_2ddc _cEN _mSTO _h302 |
||
| 999 |
_c89897 _d89897 |
||